<?xml version="1.0" encoding="UTF-8"?>
<collection xmlns="http://www.loc.gov/MARC21/slim">
 <record>
  <leader>02862caa a2200517   4500</leader>
  <controlfield tag="001">1839026677</controlfield>
  <controlfield tag="003">DE-627</controlfield>
  <controlfield tag="005">20240621113318.0</controlfield>
  <controlfield tag="007">cr cn 008aaaaa</controlfield>
  <controlfield tag="008">230313s1971    xx |||||oo    00| ||ger c</controlfield>
  <datafield tag="024" ind1="7" ind2=" ">
   <subfield code="a">10.11588/tz.1971.0.55795</subfield>
   <subfield code="2">doi</subfield>
  </datafield>
  <datafield tag="035" ind1=" " ind2=" ">
   <subfield code="a">(DE-627)1839026677</subfield>
  </datafield>
  <datafield tag="035" ind1=" " ind2=" ">
   <subfield code="a">(DE-599)KXP1839026677</subfield>
  </datafield>
  <datafield tag="035" ind1=" " ind2=" ">
   <subfield code="a">(OCoLC)1389864426</subfield>
  </datafield>
  <datafield tag="040" ind1=" " ind2=" ">
   <subfield code="a">DE-627</subfield>
   <subfield code="b">ger</subfield>
   <subfield code="c">DE-627</subfield>
   <subfield code="e">rda</subfield>
  </datafield>
  <datafield tag="041" ind1=" " ind2=" ">
   <subfield code="a">ger</subfield>
  </datafield>
  <datafield tag="084" ind1=" " ind2=" ">
   <subfield code="a">ALT-KA</subfield>
   <subfield code="q">DE-16</subfield>
   <subfield code="2">fid</subfield>
  </datafield>
  <datafield tag="100" ind1="1" ind2=" ">
   <subfield code="a">Huld-Zetsche, Ingeborg</subfield>
   <subfield code="d">1934-2013</subfield>
   <subfield code="e">VerfasserIn</subfield>
   <subfield code="0">(DE-588)120486407</subfield>
   <subfield code="0">(DE-627)080705715</subfield>
   <subfield code="0">(DE-576)161516351</subfield>
   <subfield code="4">aut</subfield>
  </datafield>
  <datafield tag="245" ind1="1" ind2="0">
   <subfield code="a">[Rezension von: Jean-Raymond Terrisse, Les céramiques sigillées gallo-romaines des Martres-de-Veyre (Puy-de-Dôme)]</subfield>
   <subfield code="c">Ingeborg Huld-Zetsche</subfield>
  </datafield>
  <datafield tag="264" ind1=" " ind2="1">
   <subfield code="c">1971</subfield>
  </datafield>
  <datafield tag="336" ind1=" " ind2=" ">
   <subfield code="a">Text</subfield>
   <subfield code="b">txt</subfield>
   <subfield code="2">rdacontent</subfield>
  </datafield>
  <datafield tag="337" ind1=" " ind2=" ">
   <subfield code="a">Computermedien</subfield>
   <subfield code="b">c</subfield>
   <subfield code="2">rdamedia</subfield>
  </datafield>
  <datafield tag="338" ind1=" " ind2=" ">
   <subfield code="a">Online-Ressource</subfield>
   <subfield code="b">cr</subfield>
   <subfield code="2">rdacarrier</subfield>
  </datafield>
  <datafield tag="500" ind1=" " ind2=" ">
   <subfield code="a">Elektronische Reproduktion der Druckausgabe</subfield>
  </datafield>
  <datafield tag="520" ind1=" " ind2=" ">
   <subfield code="a">Rezension zu: Jean-Raymond Terrisse, Les céramiques sigillées gallo-romaines des Martres-de-Veyre (Puy-de-Dôme). Suppl. Gallia 19 (1968), 162 S. mit 55 Abb., 58 Taf.</subfield>
  </datafield>
  <datafield tag="533" ind1=" " ind2=" ">
   <subfield code="a">Online-Ausgabe</subfield>
   <subfield code="b">Heidelberg</subfield>
   <subfield code="c">Propylaeum</subfield>
   <subfield code="d">2023</subfield>
   <subfield code="7">|2023||||||||||</subfield>
  </datafield>
  <datafield tag="655" ind1=" " ind2="7">
   <subfield code="a">Rezension</subfield>
   <subfield code="0">(DE-588)4049712-4</subfield>
   <subfield code="0">(DE-627)106186019</subfield>
   <subfield code="0">(DE-576)209083166</subfield>
   <subfield code="2">gnd-content</subfield>
  </datafield>
  <datafield tag="689" ind1="0" ind2="0">
   <subfield code="d">g</subfield>
   <subfield code="0">(DE-588)4115031-4</subfield>
   <subfield code="0">(DE-627)703011715</subfield>
   <subfield code="0">(DE-576)209489790</subfield>
   <subfield code="a">Martres-de-Veyre</subfield>
   <subfield code="2">gnd</subfield>
  </datafield>
  <datafield tag="689" ind1="0" ind2="1">
   <subfield code="d">s</subfield>
   <subfield code="0">(DE-588)4184789-1</subfield>
   <subfield code="0">(DE-627)105292443</subfield>
   <subfield code="0">(DE-576)210028130</subfield>
   <subfield code="a">Terra sigillata</subfield>
   <subfield code="2">gnd</subfield>
  </datafield>
  <datafield tag="689" ind1="0" ind2="2">
   <subfield code="d">s</subfield>
   <subfield code="0">(DE-588)4076769-3</subfield>
   <subfield code="0">(DE-627)104826169</subfield>
   <subfield code="0">(DE-576)209202866</subfield>
   <subfield code="a">Römerzeit</subfield>
   <subfield code="2">gnd</subfield>
  </datafield>
  <datafield tag="689" ind1="0" ind2="3">
   <subfield code="d">s</subfield>
   <subfield code="0">(DE-588)4002827-6</subfield>
   <subfield code="0">(DE-627)104459425</subfield>
   <subfield code="0">(DE-576)208848878</subfield>
   <subfield code="a">Archäologie</subfield>
   <subfield code="2">gnd</subfield>
  </datafield>
  <datafield tag="689" ind1="0" ind2=" ">
   <subfield code="5">(DE-627)</subfield>
  </datafield>
  <datafield tag="773" ind1="0" ind2="8">
   <subfield code="i">Enthalten in</subfield>
   <subfield code="t">Trierer Zeitschrift für Geschichte und Kunst des Trierer Landes und seiner Nachbargebiete</subfield>
   <subfield code="d">Heidelberg : Propylaeum, 2020</subfield>
   <subfield code="g">34(1971), Seite 291-297</subfield>
   <subfield code="h">Online-Ressource</subfield>
   <subfield code="w">(DE-627)1699318018</subfield>
   <subfield code="w">(DE-600)3025022-5</subfield>
   <subfield code="x">2700-869X</subfield>
   <subfield code="7">nnns</subfield>
  </datafield>
  <datafield tag="773" ind1="1" ind2="8">
   <subfield code="g">volume:34</subfield>
   <subfield code="g">year:1971</subfield>
   <subfield code="g">pages:291-297</subfield>
  </datafield>
  <datafield tag="787" ind1="0" ind2="8">
   <subfield code="i">Rezension von</subfield>
   <subfield code="a">Terrisse, Jean-Raymond</subfield>
   <subfield code="t">Les céramiques sigillées gallo-romaines des Martres-de-Veyre (Puy-de-Dôme)</subfield>
   <subfield code="d">Paris : CNRS, 1968</subfield>
   <subfield code="h">162, LVIII S.</subfield>
   <subfield code="w">(DE-627)107712838X</subfield>
   <subfield code="w">(DE-576)00712838X</subfield>
  </datafield>
  <datafield tag="856" ind1="4" ind2="0">
   <subfield code="u">https://doi.org/10.11588/tz.1971.0.55795</subfield>
   <subfield code="x">Verlag</subfield>
   <subfield code="x">Resolving-System</subfield>
   <subfield code="z">kostenfrei</subfield>
   <subfield code="3">Volltext</subfield>
  </datafield>
  <datafield tag="856" ind1="4" ind2="0">
   <subfield code="u">https://journals.ub.uni-heidelberg.de/index.php/tz/article/view/55795</subfield>
   <subfield code="x">Verlag</subfield>
   <subfield code="z">kostenfrei</subfield>
   <subfield code="3">Volltext</subfield>
  </datafield>
  <datafield tag="951" ind1=" " ind2=" ">
   <subfield code="a">AR</subfield>
  </datafield>
  <datafield tag="994" ind1=" " ind2=" ">
   <subfield code="u">https://journals.ub.uni-heidelberg.de/index.php/tz/article/view/55795/88717</subfield>
  </datafield>
  <datafield tag="994" ind1=" " ind2=" ">
   <subfield code="u">https://journals.ub.uni-heidelberg.de/index.php/tz/article/view/55795/88717</subfield>
  </datafield>
  <datafield tag="990" ind1=" " ind2=" ">
   <subfield code="a">Martres-de-Veyre</subfield>
  </datafield>
  <datafield tag="990" ind1=" " ind2=" ">
   <subfield code="a">Terra sigillata</subfield>
  </datafield>
  <datafield tag="990" ind1=" " ind2=" ">
   <subfield code="a">Römerzeit</subfield>
  </datafield>
  <datafield tag="990" ind1=" " ind2=" ">
   <subfield code="a">Archäologie</subfield>
  </datafield>
  <datafield tag="991" ind1=" " ind2=" ">
   <subfield code="a">Rezension (Monographie, Zeitschrift, Aufsatz)</subfield>
  </datafield>
  <datafield tag="999" ind1=" " ind2=" ">
   <subfield code="a">KXP-PPN1839026677</subfield>
   <subfield code="e">4570041744</subfield>
  </datafield>
 </record>
</collection>
